• 首页
  • 本馆介绍
  • 公告通知
  • 最新文献
  • 馆藏检索
  • 电子资源
  • 读者导购
  • 参考咨询
  • 我的图书馆
  • 登录
  • 详细信息显示
  • 放入我的书架
  • 预约/预借图书
  • 作者相关作品
  • 分类相关作品
  • 丛书相关作品
  • 出版社相关作品

书目信息

  • 表格格式
  • 工作单格式
  • 卡片格式
题名:
新文化运动与百年教育
    
 
作者: 郝思聪 , 白华召 , 康巧琳 著
分册:  
出版信息: 合肥   安徽大学出版社  2016
页数: 138页
开本: 24cm
丛书名:
单 册:
中图分类: K261.107 , G529.6
科图分类:
主题词: 五四运动--wu si yun dong--研究 , 教育史--jiao yu shi--研究--中国--现代
电子资源:
ISBN: 978-7-5664-0571-5
000 01090nam0 22003011 450
001 0120082254
005 20170320082254.0
010    @a978-7-5664-0571-5@dCNY24.00
100    @a20161219d2016 em y0chiy50 ea
101 0  @achi
102    @aCN@b340000
105    @aa z 000yy
106    @ar
200 1  @a新文化运动与百年教育@9xin wen hua yun dong yu bai nian jiao yu@f郝思聪, 白华召, 康巧琳著
210    @a合肥@c安徽大学出版社@d2016
215    @a138页@c图,照片@d24cm
300    @a新文化运动与百年中国/刘勇,李春雨主编
300    @a全国高校出版社主题出版
330    @a本书以“教育”为切入点,探讨自新文化运动伊始,教育在国家发展中所扮演的重要角色。收录《一位语言学家的“不凡”语文》《重印卖断的民国课本》《艰难的“开女禁”》等文章。
606 0  @a五四运动@9wu si yun dong@x研究
606 0  @a教育史@9jiao yu shi@x研究@y中国@z现代
690    @aK261.107@v5
690    @aG529.6@v5
701  0 @a郝思聪@9hao si cong@4著
701  0 @a白华召@9bai hua zhao@4著
701  0 @a康巧琳@9kang qiao lin@4著
801  0 @aCN@bTANGWEI@c20170308
905    @b0957507-9@dK261.107@e121@f3
    
    新文化运动与百年教育/郝思聪, 白华召, 康巧琳著.-合肥:安徽大学出版社,2016
    138页:图,照片;24cm
    新文化运动与百年中国/刘勇,李春雨主编.-全国高校出版社主题出版
    
    ISBN 978-7-5664-0571-5:CNY24.00
    本书以“教育”为切入点,探讨自新文化运动伊始,教育在国家发展中所扮演的重要角色。收录《一位语言学家的“不凡”语文》《重印卖断的民国课本》《艰难的“开女禁”》等文章。
●
相关链接 在E读中查询图书 在五车中查询图书 在当当中查询图书 在豆瓣中查询图书


正题名:新文化运动与百年教育     索取号:K261.107/121         预约/预借

序号 登录号 条形码 馆藏地/架位号 状态 备注
1 0957507   209575075   第二样本阅览室/ [索取号:K261.107/121] 在馆    
2 0957508   209575084   第二借阅区/ [索取号:K261.107/121] 在馆    
3 0957509   209575093   密集书库-史法系/ [索取号:K261.107/121] 在馆    
唐山师范学院图书馆 欢迎您!
大连网信软件有限公司© 版权所有